| 000 | 00613nam a2200241 a 4500 | ||
|---|---|---|---|
| 001 | nice12345678 | ||
| 003 | IN_TiNIC | ||
| 005 | 20260116014212.0 | ||
| 008 | 111116s2008 dela grp 000 0 eng | ||
| 020 |
_a9788178299198 _c525 |
||
| 082 | 0 | 0 |
_a301 _bMOR |
| 100 | _aMorrison, Ken | ||
| 245 |
_aMarx, Durkheim, Weber _b Formations of Modern Social Thought |
||
| 260 |
_aDelhi _bSage Pub _c2008 |
||
| 300 | _a465p | ||
| 500 | _aincludes index and biblioraphy | ||
| 505 | 2 | _aBibliography ,Index | |
| 650 | _aSociology | ||
| 700 | 1 | _aMorrison, Ken | |
| 902 | _bSRS | ||
| 942 | _cBK | ||
| 999 |
_c14302 _d14302 |
||